[Event "European Rapid Championship 2021"]
[Site "Katowice"]
[Date "2021.12.19"]
[Round "11.17"]
[White "Batashevs, Arsens"]
[Black "Galuszka, Tomasz"]
[Result "1/2-1/2"]
[WhiteElo "2165"]
[BlackElo "1886"]
[Annotator "NA"]
[PlyCount "140"]
[EventDate "2021.12.18"]
[EventType "swiss"]
[EventCountry "POL"]
[SourceTitle "playchess.com"]
[Source "ChessBase"]
[SourceQuality "1"]
[TimeControl "900+10"]

1. Nf3 {[%emt 0:00:01]} d5 {[%emt 0:00:02]} 2. c4 {[%emt 0:00:01]} c6 {[%emt 0:
00:01]} 3. e3 {[%emt 0:00:07]} Nf6 {[%emt 0:00:02]} 4. b3 {[%emt 0:00:02]} Bg4
{[%emt 0:00:09]} 5. Bb2 {[%emt 0:00:01]} e6 {[%emt 0:00:02]} 6. Be2 {[%emt 0:
00:03]} Nbd7 {[%emt 0:00:01]} 7. d4 {[%emt 0:00:01]} Bd6 {[%emt 0:00:07]} 8.
O-O {[%emt 0:00:57]} O-O {[%emt 0:00:10]} 9. Ne5 {[%emt 0:00:07]} Bxe2 {
[%emt 0:00:16]} 10. Qxe2 {[%emt 0:00:01]} Qc7 {[%emt 0:00:29]} 11. f4 {[%emt 0:
00:07]} Ne4 {[%emt 0:01:46]} 12. Nxd7 {[%emt 0:00:36]} Qxd7 {[%emt 0:00:02]}
13. Nd2 {[%emt 0:00:04]} Nxd2 {[%emt 0:00:57]} 14. Qxd2 {[%emt 0:00:02]} f5 {
[%emt 0:00:11]} 15. Rac1 {[%emt 0:00:57]} h6 {[%emt 0:00:28]} 16. b4 {[%emt 0:
01:31]} b5 {[%emt 0:01:47]} 17. cxb5 {[%emt 0:00:15]} cxb5 {[%emt 0:00:07]} 18.
a3 {[%emt 0:00:11]} Rfc8 {[%emt 0:00:33]} 19. Rc5 {[%emt 0:00:01]} Bxc5 {
[%emt 0:01:32]} 20. dxc5 {[%emt 0:00:01]} a5 {[%emt 0:00:10]} 21. Rc1 {[%emt 0:
00:32]} axb4 {[%emt 0:03:10]} 22. axb4 Ra2 {[%emt 0:00:14]} 23. Qd4 {[%emt 0:
00:11]} Rc6 {[%emt 0:00:11]} 24. Rc2 {[%emt 0:01:31]} Kh7 {[%emt 0:00:47]} 25.
h3 {[%emt 0:01:11]} Qf7 {[%emt 0:00:54]} 26. Qd3 {[%emt 0:00:05]} Rc7 {[%emt 0:
02:12]} 27. Kh2 {[%emt 0:03:13]} h5 {[%emt 0:00:59]} 28. Rd2 {[%emt 0:00:49]}
h4 {[%emt 0:00:22]} 29. g4 {[%emt 0:00:55]} hxg3+ {[%emt 0:00:02]} 30. Kxg3 {
[%emt 0:00:00]} Rca7 {[%emt 0:01:18]} 31. Kh2 {[%emt 0:00:17]} Qg6 {[%emt 0:00:
07]} 32. Qc3 {[%emt 0:01:57]} Qf6 {[%emt 0:00:49]} 33. Qc1 {[%emt 0:00:41]} Qh6
{[%emt 0:00:28]} 34. Rg2 {[%emt 0:00:07]} Qh5 {[%emt 0:00:04]} 35. Qc3 {
[%emt 0:00:57]} Qf7 {[%emt 0:00:10]} 36. c6 {[%emt 0:01:36]} Qf6 {[%emt 0:00:
15]} 37. Qb3 {[%emt 0:00:40]} Rxb2 {[%emt 0:00:01]} 38. Qxb2 {[%emt 0:00:01]}
Qxb2 {[%emt 0:00:06]} 39. Rxb2 {[%emt 0:00:01]} Rc7 {[%emt 0:00:06]} 40. Rc2 {
[%emt 0:00:01]} Kg6 {[%emt 0:00:01]} 41. Kg3 {[%emt 0:00:38]} Kf6 {[%emt 0:00:
01]} 42. h4 {[%emt 0:00:28]} g6 {[%emt 0:00:10]} 43. Rc5 {[%emt 0:00:01]} Ke7 {
[%emt 0:00:04]} 44. Rxb5 {[%emt 0:00:58]} Rxc6 {[%emt 0:00:01]} 45. Rb7+ {
[%emt 0:00:02]} Kf6 {[%emt 0:00:01]} 46. b5 {[%emt 0:00:01]} Rc3 {[%emt 0:00:
01]} 47. Kf2 {[%emt 0:00:00]} Rc2+ {[%emt 0:00:26]} 48. Kf3 {[%emt 0:00:02]}
Rb2 {[%emt 0:00:12]} 49. b6 {[%emt 0:00:03]} e5 {[%emt 0:00:17]} 50. Rb8 {
[%emt 0:01:02]} exf4 {[%emt 0:00:10]} 51. exf4 {[%emt 0:00:07]} d4 {[%emt 0:00:
03]} 52. b7 {[%emt 0:00:02]} Kg7 {[%emt 0:00:01]} 53. Kg3 {[%emt 0:00:25]} Kh7
{[%emt 0:00:17]} 54. h5 {[%emt 0:00:10]} gxh5 {[%emt 0:00:04]} 55. Kh4 {
[%emt 0:00:00]} d3 {[%emt 0:00:12]} 56. Kxh5 {[%emt 0:00:07]} d2 {[%emt 0:00:
04]} 57. Rd8 {[%emt 0:00:01]} Rxb7 {[%emt 0:00:05]} 58. Rxd2 {[%emt 0:00:04]}
Kg7 {[%emt 0:00:18]} 59. Kg5 {[%emt 0:00:03]} Kf7 {[%emt 0:00:01]} 60. Rd5 {
[%emt 0:00:02]} Rb6 {[%emt 0:00:34]} 61. Rd7+ {[%emt 0:00:11]} Ke6 {[%emt 0:00:
01]} 62. Rh7 {[%emt 0:00:24]} Rb5 {[%emt 0:00:19]} 63. Kg6 {[%emt 0:00:40]} Rb1
{[%emt 0:00:34]} 64. Rh5 {[%emt 0:00:01]} Rg1+ {[%emt 0:00:10]} 65. Rg5 {
[%emt 0:00:03]} Rg4 {[%emt 0:00:12]} 66. Rxg4 {[%emt 0:00:21]} fxg4 {[%emt 0:
00:02]} 67. f5+ {[%emt 0:00:01]} Ke5 {[%emt 0:00:01]} 68. f6 {[%emt 0:00:00]}
g3 {[%emt 0:00:01]} 69. f7 {[%emt 0:00:01]} g2 {[%emt 0:00:01]} 70. f8=Q {
[%emt 0:00:02]} g1=Q+ {[%emt 0:00:02]} 1/2-1/2

[Event "European Rapid Championship 2021"]
[Site "Katowice"]
[Date "2021.12.19"]
[Round "11.18"]
[White "Andersen, Mads"]
[Black "Przybylski, Wojciech"]
[Result "0-1"]
[WhiteElo "2574"]
[BlackElo "2321"]
[Annotator "ChessBase"]
[PlyCount "104"]
[EventDate "2021.12.18"]
[EventType "swiss"]
[EventCountry "POL"]
[SourceTitle "playchess.com"]
[Source "ChessBase"]
[SourceQuality "1"]
[TimeControl "900+10"]

1. Nf3 {[%emt 0:00:04]} Nf6 {[%emt 0:00:04]} 2. c4 {[%emt 0:00:02]} c6 {
[%emt 0:00:03]} 3. e3 {[%emt 0:00:08]} d5 {[%emt 0:00:03]} 4. Nc3 {[%emt 0:00:
07]} e6 {[%emt 0:00:09]} 5. b3 {[%emt 0:00:09]} Nbd7 {[%emt 0:00:07]} 6. Qc2 {
[%emt 0:00:10]} Bd6 {[%emt 0:00:18]} 7. Bb2 {[%emt 0:00:12]} O-O {[%emt 0:00:
05]} 8. Be2 {[%emt 0:00:06]} Re8 {[%emt 0:00:44]} 9. d4 {[%emt 0:00:29]} dxc4 {
[%emt 0:02:57]} 10. bxc4 {[%emt 0:00:33]} e5 {[%emt 0:00:01]} 11. O-O exd4 {
[%emt 0:00:13]} 12. exd4 {[%emt 0:00:09]} Nf8 {[%emt 0:00:11]} 13. h3 {[%emt 0:
00:19]} Ng6 {[%emt 0:00:12]} 14. Rfe1 {[%emt 0:00:02]} Bd7 {[%emt 0:00:38]} 15.
Bf1 {[%emt 0:00:34]} Qc7 {[%emt 0:00:14]} 16. a4 {[%emt 0:03:26]} a5 {[%emt 0:
00:54]} 17. Rad1 {[%emt 0:01:15]} Rad8 {[%emt 0:00:55]} 18. Qb3 {[%emt 0:00:57]
} Bb4 {[%emt 0:04:28]} 19. Rxe8+ {[%emt 0:03:39]} Rxe8 {[%emt 0:00:11]} 20. Na2
{[%emt 0:00:01]} Bd6 {[%emt 0:00:38]} 21. Nc1 {[%emt 0:00:05]} Bf5 {[%emt 0:01:
04]} 22. Nd3 {[%emt 0:00:32]} Ne4 {[%emt 0:00:56]} 23. Re1 {[%emt 0:00:49]} Nf6
{[%emt 0:02:17]} 24. Rd1 {[%emt 0:00:54]} Ne4 {[%emt 0:00:16]} 25. Bc1 {
[%emt 0:00:01]} h6 {[%emt 0:00:19]} 26. Re1 {[%emt 0:00:15]} Nh4 {[%emt 0:00:
54]} 27. Nfe5 {[%emt 0:01:04]} c5 {[%emt 0:00:21]} 28. f3 {[%emt 0:01:01]} Ng3
{[%emt 0:00:18]} 29. Qb5 {[%emt 0:00:58]} Re7 {[%emt 0:00:06]} 30. Nxc5 {
[%emt 0:01:02]} f6 {[%emt 0:00:16]} 31. Ned3 {[%emt 0:00:26]} Nxf1 {[%emt 0:00:
08]} 32. Kxf1 {[%emt 0:00:32]} Bg3 {[%emt 0:00:10]} 33. Rxe7 {[%emt 0:00:07]}
Qxe7 {[%emt 0:00:00]} 34. Ne4 {[%emt 0:00:24]} Bxe4 {[%emt 0:00:25]} 35. fxe4 {
[%emt 0:00:01]} Qxe4 {[%emt 0:00:00]} 36. Qd5+ {[%emt 0:00:09]} Qxd5 {[%emt 0:
00:02]} 37. cxd5 Nf5 {[%emt 0:00:02]} 38. Nc5 {[%emt 0:00:27]} b6 {[%emt 0:00:
13]} 39. Ne6 {[%emt 0:00:16]} Ne7 {[%emt 0:00:22]} 40. Ke2 {[%emt 0:00:11]}
Nxd5 {[%emt 0:00:03]} 41. Kd3 {[%emt 0:00:09]} Kf7 {[%emt 0:00:08]} 42. Nd8+ {
[%emt 0:00:02]} Ke7 {[%emt 0:00:11]} 43. Kc4 {[%emt 0:00:05]} Nb4 {[%emt 0:00:
27]} 44. Nb7 {[%emt 0:00:18]} Kd7 {[%emt 0:00:01]} 45. Kb5 {[%emt 0:00:16]} Kc7
{[%emt 0:00:04]} 46. Nxa5 {[%emt 0:00:11]} bxa5 {[%emt 0:00:04]} 47. Bd2 {
[%emt 0:00:02]} Bd6 {[%emt 0:00:08]} 48. Bc3 {[%emt 0:00:12]} Kb7 {[%emt 0:00:
22]} 49. Kxa5 {[%emt 0:00:10]} Nd5 {[%emt 0:00:15]} 50. Bd2 {[%emt 0:00:06]}
Kc6 {[%emt 0:00:03]} 51. Ka6 {[%emt 0:00:02]} Nf4 {[%emt 0:00:14]} 52. a5 {
[%emt 0:00:12]} Bb8 {[%emt 0:00:14]} 0-1

[Event "European Rapid Championship 2021"]
[Site "Katowice"]
[Date "2021.12.19"]
[Round "11.18"]
[White "Pacuszka, Tomasz"]
[Black "Savicevs, Arsenijs"]
[Result "0-1"]
[WhiteElo "2193"]
[BlackElo "1881"]
[Annotator "NA"]
[PlyCount "100"]
[EventDate "2021.12.18"]
[EventType "swiss"]
[EventCountry "POL"]
[SourceTitle "playchess.com"]
[Source "ChessBase"]
[SourceQuality "1"]
[TimeControl "900+10"]

1. e4 {[%emt 0:00:01]} c5 {[%emt 0:00:01]} 2. Be2 {[%emt 0:00:01]} e6 {[%emt 0:
00:05]} 3. f4 {[%emt 0:00:02]} Nc6 {[%emt 0:00:08]} 4. Nf3 {[%emt 0:00:02]} g6
{[%emt 0:00:10]} 5. O-O {[%emt 0:00:07]} Bg7 {[%emt 0:00:02]} 6. d3 {[%emt 0:
00:46]} Nge7 {[%emt 0:00:05]} 7. c3 {[%emt 0:00:14]} d5 {[%emt 0:01:00]} 8. e5
{[%emt 0:00:07]} h5 {[%emt 0:00:14]} 9. Be3 {[%emt 0:00:36]} d4 {[%emt 0:00:03]
} 10. Bf2 {[%emt 0:00:02]} Nf5 {[%emt 0:00:01]} 11. Nbd2 {[%emt 0:00:20]} Nce7
{[%emt 0:02:51]} 12. c4 {[%emt 0:00:07]} b6 {[%emt 0:00:20]} 13. Ne4 {[%emt 0:
00:16]} Bb7 {[%emt 0:00:39]} 14. Nfg5 {[%emt 0:00:02]} Bh6 {[%emt 0:00:43]} 15.
Bf3 {[%emt 0:00:49]} Bxe4 {[%emt 0:02:22]} 16. Bxe4 {[%emt 0:01:20]} Bxg5 {
[%emt 0:00:11]} 17. fxg5 {[%emt 0:00:04]} Rb8 {[%emt 0:01:00]} 18. b4 {[%emt 0:
01:07]} Qc7 {[%emt 0:00:11]} 19. Re1 {[%emt 0:00:18]} O-O {[%emt 0:00:25]} 20.
Qa4 {[%emt 0:00:53]} cxb4 {[%emt 0:01:06]} 21. Qxb4 {[%emt 0:00:20]} Nc6 {
[%emt 0:02:18]} 22. Qb5 {[%emt 0:00:05]} Nce7 {[%emt 0:00:36]} 23. Bf3 {
[%emt 0:00:23]} Rfc8 {[%emt 0:00:31]} 24. Re4 {[%emt 0:00:31]} Qc5 {[%emt 0:00:
02]} 25. a4 {[%emt 0:00:25]} Nc6 {[%emt 0:00:32]} 26. h3 {[%emt 0:00:54]} a6 {
[%emt 0:01:18]} 27. Qxa6 {[%emt 0:00:19]} Nb4 {[%emt 0:00:05]} 28. Qb5 {
[%emt 0:00:11]} Nxd3 {[%emt 0:00:02]} 29. g4 {[%emt 0:00:20]} Nxf2 {[%emt 0:00:
38]} 30. Kxf2 {[%emt 0:00:37]} Qxb5 {[%emt 0:00:28]} 31. axb5 {[%emt 0:00:13]}
Ne3 {[%emt 0:00:05]} 32. Rxd4 {[%emt 0:00:28]} Nc2 {[%emt 0:00:03]} 33. Rdd1 {
[%emt 0:00:05]} Nxa1 {[%emt 0:00:02]} 34. Rxa1 {[%emt 0:00:01]} Rxc4 {[%emt 0:
00:18]} 35. gxh5 gxh5 36. Bxh5 {[%emt 0:00:14]} Rc5 {[%emt 0:00:18]} 37. Be2 {
[%emt 0:00:28]} Rxe5 {[%emt 0:00:03]} 38. h4 {[%emt 0:00:01]} Rc8 {[%emt 0:00:
20]} 39. Ra2 {[%emt 0:00:02]} Kg7 {[%emt 0:00:34]} 40. Rd2 {[%emt 0:00:07]} Rd5
{[%emt 0:00:17]} 41. Ra2 {[%emt 0:00:06]} f6 {[%emt 0:00:17]} 42. Ra7+ {
[%emt 0:01:45]} Kg6 {[%emt 0:00:02]} 43. Re7 {[%emt 0:00:02]} Rd6 {[%emt 0:00:
22]} 44. gxf6 {[%emt 0:01:11]} Kxf6 {[%emt 0:00:05]} 45. Rb7 {[%emt 0:00:02]}
Rc2 {[%emt 0:00:36]} 46. Ke3 {[%emt 0:00:13]} Rc3+ {[%emt 0:00:20]} 47. Kf2 {
[%emt 0:00:05]} Rh3 {[%emt 0:00:10]} 48. h5 {[%emt 0:00:38]} Rd2 {[%emt 0:00:
09]} 49. Ke1 {[%emt 0:00:50]} Ra2 {[%emt 0:00:09]} 50. Rd7 {[%emt 0:00:10]}
Rh1+ {[%emt 0:00:07]} 0-1

[Event "European Rapid Championship 2021"]
[Site "Katowice"]
[Date "2021.12.19"]
[Round "11.19"]
[White "Niedbala, Bartlomiej"]
[Black "Laurusas, Tomas"]
[Result "1/2-1/2"]
[WhiteElo "2131"]
[BlackElo "2553"]
[Annotator "ChessBase"]
[PlyCount "107"]
[EventDate "2021.12.18"]
[EventType "swiss"]
[EventCountry "POL"]
[SourceTitle "playchess.com"]
[Source "ChessBase"]
[SourceQuality "1"]
[TimeControl "900+10"]

1. Nf3 {[%emt 0:00:02]} Nf6 {[%emt 0:00:11]} 2. g3 {[%emt 0:00:01]} d5 {
[%emt 0:00:01]} 3. Bg2 {[%emt 0:00:02]} c6 {[%emt 0:00:06]} 4. O-O {[%emt 0:00:
04]} Bg4 {[%emt 0:00:04]} 5. h3 {[%emt 0:00:02]} Bh5 {[%emt 0:00:49]} 6. d3 {
[%emt 0:00:04]} e6 {[%emt 0:00:42]} 7. c4 {[%emt 0:00:14]} dxc4 {[%emt 0:01:12]
} 8. dxc4 {[%emt 0:00:06]} Qxd1 {[%emt 0:00:02]} 9. Rxd1 {[%emt 0:00:02]} Nbd7
{[%emt 0:00:30]} 10. Bf4 {[%emt 0:01:10]} a5 {[%emt 0:00:54]} 11. Nc3 {[%emt 0:
00:29]} Bb4 {[%emt 0:00:17]} 12. Na4 {[%emt 0:00:37]} Bg6 {[%emt 0:00:12]} 13.
a3 {[%emt 0:00:22]} Be7 {[%emt 0:00:15]} 14. Rd2 {[%emt 0:00:43]} Nc5 {[%emt 0:
01:45]} 15. Nxc5 {[%emt 0:00:53]} Bxc5 {[%emt 0:00:02]} 16. Ne5 {[%emt 0:00:37]
} Be4 {[%emt 0:00:50]} 17. Nd7 {[%emt 0:02:03]} Nxd7 {[%emt 0:00:14]} 18. Bxe4
{[%emt 0:00:02]} a4 {[%emt 0:01:38]} 19. Rad1 {[%emt 0:02:47]} O-O-O {[%emt 0:
00:26]} 20. h4 {[%emt 0:01:59]} h6 {[%emt 0:00:27]} 21. Bc2 {[%emt 0:01:09]}
Nb6 {[%emt 0:00:47]} 22. Rxd8+ {[%emt 0:00:02]} Rxd8 {[%emt 0:00:01]} 23. Rxd8+
{[%emt 0:00:01]} Kxd8 {[%emt 0:00:02]} 24. Be5 {[%emt 0:00:02]} f6 {[%emt 0:02:
11]} 25. Bc3 {[%emt 0:00:06]} Ke7 {[%emt 0:00:24]} 26. Kg2 {[%emt 0:00:39]} e5
{[%emt 0:00:02]} 27. e3 {[%emt 0:00:40]} e4 {[%emt 0:00:54]} 28. g4 {[%emt 0:
00:39]} Bd6 {[%emt 0:00:52]} 29. c5 {[%emt 0:00:48]} Bxc5 {[%emt 0:00:06]} 30.
Bxe4 {[%emt 0:00:01]} Nd7 {[%emt 0:00:59]} 31. Kf3 {[%emt 0:00:32]} Bd6 {
[%emt 0:00:49]} 32. Bc2 {[%emt 0:00:38]} Be5 {[%emt 0:01:20]} 33. Bxa4 {
[%emt 0:01:31]} Bxc3 {[%emt 0:00:01]} 34. bxc3 {[%emt 0:00:01]} Ne5+ {[%emt 0:
00:01]} 35. Kf4 {[%emt 0:00:21]} Nc4 {[%emt 0:00:27]} 36. Bc2 {[%emt 0:00:31]}
Nxa3 {[%emt 0:00:30]} 37. Bd3 {[%emt 0:00:01]} b5 {[%emt 0:00:00]} 38. Kf5 {
[%emt 0:00:45]} c5 {[%emt 0:00:27]} 39. Kg6 {[%emt 0:00:02]} Kf8 {[%emt 0:00:
04]} 40. g5 {[%emt 0:00:39]} fxg5 {[%emt 0:00:11]} 41. hxg5 {[%emt 0:00:02]}
hxg5 {[%emt 0:00:02]} 42. Kxg5 {[%emt 0:00:01]} b4 {[%emt 0:00:07]} 43. cxb4 {
[%emt 0:00:06]} cxb4 {[%emt 0:00:01]} 44. Kg6 {[%emt 0:00:34]} b3 {[%emt 0:00:
18]} 45. e4 {[%emt 0:00:03]} b2 {[%emt 0:01:06]} 46. f4 {[%emt 0:00:14]} Nc4 {
[%emt 0:00:12]} 47. e5 {[%emt 0:00:11]} Ne3 {[%emt 0:00:07]} 48. Bb1 {[%emt 0:
00:11]} Nd1 {[%emt 0:00:19]} 49. f5 {[%emt 0:00:05]} Nc3 {[%emt 0:00:02]} 50.
Bc2 {[%emt 0:00:04]} Nd5 {[%emt 0:00:09]} 51. f6 {[%emt 0:00:15]} gxf6 {
[%emt 0:00:06]} 52. exf6 {[%emt 0:00:05]} b1=Q {[%emt 0:00:06]} 53. Bxb1 {
[%emt 0:00:01]} Nxf6 {[%emt 0:00:01]} 54. Kxf6 {[%emt 0:00:02]} 1/2-1/2

[Event "European Rapid Championship 2021"]
[Site "Katowice"]
[Date "2021.12.19"]
[Round "11.19"]
[White "Rudecki, Bartosz"]
[Black "Liodakis, Konstantinos-Spyros"]
[Result "0-1"]
[WhiteElo "1820"]
[BlackElo "2114"]
[Annotator "NA"]
[PlyCount "56"]
[EventDate "2021.12.18"]
[EventType "swiss"]
[EventCountry "POL"]
[SourceTitle "playchess.com"]
[Source "ChessBase"]
[SourceQuality "1"]
[TimeControl "900+10"]

1. e4 {[%emt 0:00:01]} e6 {[%emt 0:00:01]} 2. b3 {[%emt 0:00:33]} d5 {[%emt 0:
00:15]} 3. Bb2 {[%emt 0:00:01]} Nf6 {[%emt 0:00:06]} 4. e5 {[%emt 0:00:26]}
Nfd7 {[%emt 0:00:01]} 5. d4 {[%emt 0:00:22]} c5 {[%emt 0:00:03]} 6. c3 {
[%emt 0:00:02]} Nc6 {[%emt 0:00:03]} 7. Nf3 {[%emt 0:00:07]} Be7 {[%emt 0:01:
03]} 8. Bd3 {[%emt 0:00:15]} O-O {[%emt 0:00:33]} 9. Nbd2 {[%emt 0:00:16]} f6 {
[%emt 0:00:05]} 10. exf6 Nxf6 {[%emt 0:00:02]} 11. O-O {[%emt 0:00:32]} Bd7 {
[%emt 0:00:14]} 12. Re1 {[%emt 0:00:21]} Qc7 {[%emt 0:00:15]} 13. h3 {[%emt 0:
00:11]} cxd4 {[%emt 0:01:09]} 14. cxd4 {[%emt 0:00:02]} Rac8 {[%emt 0:00:57]}
15. Rc1 {[%emt 0:00:25]} Qf4 {[%emt 0:00:40]} 16. Ne5 {[%emt 0:02:05]} Bb4 {
[%emt 0:00:54]} 17. Re2 {[%emt 0:02:04]} Nxd4 {[%emt 0:02:05]} 18. Bxd4 {
[%emt 0:00:21]} Qxd4 {[%emt 0:00:25]} 19. Ndf3 {[%emt 0:01:02]} Qf4 {[%emt 0:
00:15]} 20. Rec2 {[%emt 0:01:03]} Rxc2 {[%emt 0:00:04]} 21. Rxc2 {[%emt 0:00:
03]} Bd6 {[%emt 0:00:39]} 22. Qe1 {[%emt 0:01:32]} Be8 {[%emt 0:01:11]} 23. Re2
{[%emt 0:02:50]} Bh5 {[%emt 0:00:39]} 24. g3 {[%emt 0:00:40]} Qh6 {[%emt 0:00:
46]} 25. g4 {[%emt 0:00:17]} Be8 {[%emt 0:00:41]} 26. Kg2 {[%emt 0:00:42]} Nd7
{[%emt 0:00:56]} 27. g5 {[%emt 0:00:53]} Qh5 {[%emt 0:00:03]} 28. Ng4 {[%emt 0:
00:02]} Rxf3 {[%emt 0:00:25]} 0-1

[Event "European Rapid Championship 2021"]
[Site "Katowice"]
[Date "2021.12.19"]
[Round "11.20"]
[White "Durarbayli, Vasif"]
[Black "Sliwicka, Alicja"]
[Result "1-0"]
[WhiteElo "2532"]
[BlackElo "2303"]
[Annotator "ChessBase"]
[PlyCount "107"]
[EventDate "2021.12.18"]
[EventType "swiss"]
[EventCountry "POL"]
[SourceTitle "playchess.com"]
[Source "ChessBase"]
[SourceQuality "1"]
[TimeControl "900+10"]

1. e4 {[%emt 0:00:02]} c5 {[%emt 0:00:01]} 2. b3 {[%emt 0:00:00]} Nc6 {[%emt 0:
00:27]} 3. Bb2 {[%emt 0:00:02]} a6 {[%emt 0:00:31]} 4. Nf3 {[%emt 0:00:22]} d6
{[%emt 0:00:14]} 5. d4 {[%emt 0:00:37]} cxd4 {[%emt 0:00:07]} 6. Nxd4 {[%emt 0:
00:02]} Nf6 {[%emt 0:00:24]} 7. Nxc6 {[%emt 0:00:22]} bxc6 {[%emt 0:00:02]} 8.
e5 {[%emt 0:00:01]} Ng4 {[%emt 0:01:28]} 9. exd6 {[%emt 0:00:24]} Qxd6 {
[%emt 0:01:28]} 10. Qxd6 {[%emt 0:01:21]} exd6 {[%emt 0:00:01]} 11. Be2 {
[%emt 0:00:01]} Be6 {[%emt 0:01:05]} 12. O-O {[%emt 0:00:45]} Nf6 {[%emt 0:02:
30]} 13. Nc3 {[%emt 0:01:10]} Be7 {[%emt 0:00:16]} 14. Rad1 {[%emt 0:00:18]}
O-O {[%emt 0:00:09]} 15. Ba3 {[%emt 0:00:16]} Rfd8 {[%emt 0:00:17]} 16. Bf3 {
[%emt 0:01:54]} Rac8 {[%emt 0:00:06]} 17. Na4 {[%emt 0:00:54]} Kf8 {[%emt 0:00:
28]} 18. Rfe1 {[%emt 0:00:22]} g5 {[%emt 0:02:06]} 19. Bb4 {[%emt 0:01:27]} d5
{[%emt 0:03:26]} 20. Nc5 {[%emt 0:00:43]} g4 {[%emt 0:01:27]} 21. Nxe6+ {
[%emt 0:01:53]} fxe6 {[%emt 0:00:02]} 22. Rxe6 {[%emt 0:00:01]} Bxb4 {[%emt 0:
00:18]} 23. Rxf6+ {[%emt 0:00:02]} Ke7 {[%emt 0:00:58]} 24. Rf4 {[%emt 0:00:01]
} gxf3 {[%emt 0:00:12]} 25. Rxb4 {[%emt 0:00:01]} fxg2 {[%emt 0:00:05]} 26. Rh4
{[%emt 0:00:25]} Kd6 {[%emt 0:00:55]} 27. Rxh7 {[%emt 0:00:26]} Re8 {[%emt 0:
00:12]} 28. Rd2 {[%emt 0:01:13]} Re1+ {[%emt 0:00:03]} 29. Kxg2 {[%emt 0:00:01]
} Rg8+ {[%emt 0:00:01]} 30. Kh3 {[%emt 0:00:03]} Re6 {[%emt 0:00:25]} 31. Rh4 {
[%emt 0:01:04]} Rg1 {[%emt 0:00:20]} 32. f3 {[%emt 0:00:54]} Rf1 {[%emt 0:00:
13]} 33. Kg2 {[%emt 0:00:14]} Ree1 {[%emt 0:00:01]} 34. Rg4 {[%emt 0:01:06]} c5
{[%emt 0:00:07]} 35. Rg6+ {[%emt 0:00:40]} Ke5 {[%emt 0:00:13]} 36. Rg5+ {
[%emt 0:00:12]} Kf4 {[%emt 0:00:01]} 37. Rg4+ {[%emt 0:00:47]} Ke5 {[%emt 0:00:
03]} 38. c3 {[%emt 0:00:34]} Rh1 {[%emt 0:00:22]} 39. Kh3 {[%emt 0:00:10]} Rhf1
{[%emt 0:00:10]} 40. Rg5+ {[%emt 0:00:18]} Kf6 {[%emt 0:00:18]} 41. Rdxd5 {
[%emt 0:00:27]} Rxf3+ {[%emt 0:00:02]} 42. Kg4 {[%emt 0:00:18]} Rfe3 {[%emt 0:
00:10]} 43. Rdf5+ {[%emt 0:00:09]} Ke6 {[%emt 0:00:01]} 44. Rxc5 {[%emt 0:00:
02]} Rh1 {[%emt 0:00:14]} 45. Kf4 {[%emt 0:00:06]} Rd3 {[%emt 0:00:05]} 46. Ke4
{[%emt 0:00:12]} Rdd1 {[%emt 0:00:07]} 47. Rg6+ {[%emt 0:00:01]} Kf7 {[%emt 0:
00:02]} 48. Rg2 {[%emt 0:00:19]} Rhe1+ {[%emt 0:00:11]} 49. Kf5 {[%emt 0:00:02]
} Rf1+ {[%emt 0:00:05]} 50. Kg5 {[%emt 0:00:02]} Kg7 {[%emt 0:00:35]} 51. h4 {
[%emt 0:00:10]} Rd7 {[%emt 0:00:14]} 52. Rf5 {[%emt 0:00:02]} Rh1 {[%emt 0:00:
09]} 53. Kf4+ {[%emt 0:00:27]} Kh7 {[%emt 0:00:01]} 54. Rh5# 1-0

[Event "European Rapid Championship 2021"]
[Site "Katowice"]
[Date "2021.12.19"]
[Round "11.20"]
[White "Lach, Mateusz"]
[Black "Sliwicki, Damian"]
[Result "0-1"]
[WhiteElo "1661"]
[BlackElo "2107"]
[Annotator "NA"]
[PlyCount "62"]
[EventDate "2021.12.18"]
[EventType "swiss"]
[EventCountry "POL"]
[SourceTitle "playchess.com"]
[Source "ChessBase"]
[SourceQuality "1"]
[TimeControl "900+10"]

1. d4 {[%emt 0:00:01]} Nf6 {[%emt 0:00:07]} 2. c4 {[%emt 0:00:01]} e6 {[%emt 0:
00:01]} 3. e3 {[%emt 0:00:05]} b6 {[%emt 0:00:15]} 4. Nc3 {[%emt 0:00:04]} Bb7
{[%emt 0:00:02]} 5. a3 {[%emt 0:00:10]} d5 {[%emt 0:00:36]} 6. Nf3 {[%emt 0:00:
06]} Bd6 {[%emt 0:00:08]} 7. b4 {[%emt 0:00:07]} O-O {[%emt 0:00:03]} 8. c5 {
[%emt 0:00:03]} Be7 {[%emt 0:00:06]} 9. Ne5 {[%emt 0:00:15]} Nfd7 {[%emt 0:00:
19]} 10. Nxd7 {[%emt 0:00:12]} Nxd7 {[%emt 0:00:03]} 11. f4 {[%emt 0:00:04]}
Bh4+ {[%emt 0:02:13]} 12. g3 {[%emt 0:00:06]} Bf6 {[%emt 0:00:01]} 13. Bd3 {
[%emt 0:00:21]} bxc5 {[%emt 0:00:17]} 14. bxc5 {[%emt 0:01:26]} Nxc5 {[%emt 0:
00:07]} 15. a4 {[%emt 0:00:42]} Nxd3+ {[%emt 0:01:36]} 16. Qxd3 {[%emt 0:00:05]
} c5 {[%emt 0:00:44]} 17. Ba3 {[%emt 0:00:14]} Qa5 {[%emt 0:01:43]} 18. Bxc5 {
[%emt 0:00:58]} Rfc8 {[%emt 0:00:01]} 19. Rc1 {[%emt 0:00:42]} Rxc5 {[%emt 0:
00:26]} 20. dxc5 {[%emt 0:00:25]} d4 {[%emt 0:00:00]} 21. e4 {[%emt 0:00:36]}
dxc3 {[%emt 0:00:12]} 22. e5 {[%emt 0:04:18]} Bxh1 {[%emt 0:01:28]} 23. exf6 {
[%emt 0:00:05]} c2+ {[%emt 0:02:24]} 24. Qd2 {[%emt 0:00:04]} Qxd2+ {[%emt 0:
00:09]} 25. Kxd2 {[%emt 0:00:03]} Be4 {[%emt 0:00:02]} 26. Ke3 {[%emt 0:00:28]}
Bg6 {[%emt 0:00:12]} 27. Kd4 {[%emt 0:00:26]} Rd8+ {[%emt 0:00:02]} 28. Kc4 {
[%emt 0:00:02]} Rd1 {[%emt 0:00:43]} 29. c6 {[%emt 0:00:16]} Bd3+ {[%emt 0:00:
01]} 30. Kb4 {[%emt 0:00:33]} Rxc1 {[%emt 0:00:04]} 31. Ka5 {[%emt 0:00:02]}
Rb1 {[%emt 0:00:04]} 0-1